Issue and redemption of capital (Record no. 1270566)

MARC details
000 -LEADER
fixed length control field 00484nam a2200169Ia 4500
005 - DATE AND TIME OF LATEST TRANSACTION
control field 20250326123712.0
008 - FIXED-LENGTH DATA ELEMENTS--GENERAL INFORMATION
fixed length control field 250326s9999 xx 000 0 und d
037 ## - SOURCE OF ACQUISITION
Stock number Textbook
040 ## - CATALOGING SOURCE
Original cataloging agency FMSL
Language of cataloging eng
Transcribing agency FMSL
041 ## - LANGUAGE CODE
Language code of text/sound track or separate title eng
Source of code eng
084 ## - COLON CLASSIFICATION NUMBER
Classification number X7243 M8
Assigning agency FMSL
245 #0 - TITLE STATEMENT
Title Issue and redemption of capital
260 ## - PUBLICATION, DISTRIBUTION, ETC.
Place of publication, distribution, etc. New Delhi
Name of publisher, distributor, etc. New Delhi, Institute of company secretaries of India
Date of publication, distribution, etc. 1988
300 ## - PHYSICAL DESCRIPTION
Extent 381p
942 ## - ADDED ENTRY ELEMENTS (KOHA)
Koha item type Textbook
Classification part X7243 M8
Holdings
Withdrawn status Lost status Damaged status Not for loan Home library Current library Date acquired Total Checkouts Full call number Barcode Date last seen Price effective from Koha item type
        Faculty of Management Library Faculty of Management Library 2025-03-26   X7243 M8 ML1018141 2025-03-26 2025-03-26 Textbook
Copyright @ Delhi University Library System